| Tag |
First Indicator |
Second Indicator |
Subfields |
| LEADER |
00000cam a2200000 a 4500 |
| 001 |
in00000869113 |
| 005 |
20151019135057.0 |
| 008 |
890119s1989 nyu b 00110 eng |
| 010 |
|
|
|a 89004198
|
| 020 |
|
|
|a 087332496X :
|c $45.00
|
| 035 |
|
|
|a (OCoLC)19128619
|
| 035 |
|
|
|9 AEK2058AM
|
| 040 |
|
|
|a DLC
|c DLC
|d TXA
|d UtOrBLW
|
| 043 |
|
|
|a ee-----
|
| 049 |
|
|
|a TXAM
|c [A12505487]
|
| 050 |
0 |
0 |
|a HC243.5
|b .Z83 1989
|
| 082 |
0 |
|
|a 337.1/1717
|2 19
|
| 100 |
1 |
|
|a Zwass, Adam.
|
| 245 |
1 |
4 |
|a The Council for Mutual Economic Assistance :
|b the thorny path from political to economic integration /
|c Adam Zwass.
|
| 264 |
|
1 |
|a Armonk, N.Y. :
|b Sharpe,
|c [1989]
|
| 264 |
|
4 |
|c ©1989
|
| 300 |
|
|
|a xiii, 269 pages ;
|c 24 cm.
|
| 336 |
|
|
|a text
|b txt
|2 rdacontent
|
| 337 |
|
|
|a unmediated
|b n
|2 rdamedia
|
| 338 |
|
|
|a volume
|b nc
|2 rdacarrier
|
| 504 |
|
|
|a Bibliography: pages 249-258.
|
| 500 |
|
|
|a Includes index.
|
| 610 |
2 |
0 |
|a Council for Mutual Economic Assistance
|x History.
|
| 651 |
|
0 |
|a Europe, Eastern
|x Economic integration
|x History.
|
| 651 |
|
0 |
|a Europe, Eastern
|x Economic policy.
|
| 651 |
|
0 |
|a Europe, Eastern
|x Economic conditions.
|
| 999 |
|
|
|a MARS
|
| 999 |
f |
f |
|s cf9b6a90-043a-3f71-96dd-106dd66aa338
|i 518425d4-5f8a-3689-9b1c-8e9ab611ad8f
|t 0
|
| 952 |
f |
f |
|p ric
|a Texas A&M University
|b Rellis Campus
|c Joint Library Facility
|d Remote Storage
|t 0
|e HC243.5 .Z83 1989
|h Library of Congress classification
|i unmediated -- volume
|m A14812505487
|
| 998 |
f |
f |
|a HC243.5 .Z83 1989
|t 0
|l Remote Storage
|